| 000 | 00622nam a2200205Ia 4500 | ||
|---|---|---|---|
| 003 | IN-BaIIA | ||
| 008 | 211028s9999 xx 000 0 eng d | ||
| 020 | _a0-226-02787-2 | ||
| 040 | _cIIA Library | ||
| 080 |
_a524-48 _bDAV |
||
| 100 |
_aArnet, David W. _914732 |
||
| 245 | 0 |
_aNucleosynthesis: challenges and new developments _cDavid W. Arnet And James W. Truran |
|
| 260 |
_aChicago _bUniversity of Chicago Press _c1985 |
||
| 300 | _aviii, 308p. | ||
| 650 | _aAstronomy and Astrophysics Thesaurus | ||
| 650 |
_aNuclear Fusion _914733 |
||
| 650 | _aNucleosynthesis | ||
| 700 |
_aTruran, James W. _914734 |
||
| 942 | _cBK | ||
| 999 |
_c8766 _d8766 |
||